Plus Grandes Villes de Belgique - Statistiques

Statistiques générales
  • Ce quiz a été pris 195 fois
  • Le résultat moyen est 14 sur 30
Statistiques - réponses
Ville
Population
(en milliers)
% Correct
Bruxelles 183
99%
Liège 196
96%
Anvers 527
91%
Bruges 118
85%
Charleroi 203
85%
Gand 263
85%
Namur 111
77%
Mons 95
66%
Anderlecht 120
58%
Ostende 71
58%
Louvain 102
56%
Tournai 68
55%
Molenbeek Saint Jean 97
51%
Genk 66
47%
Courtrai 77
46%
Hasselt 78
45%
Malines 86
41%
Ixelles 87
37%
Mouscron 58
37%
Schaerbeek 131
35%
La Louvière 80
34%
Uccle 83
31%
Saint Nicolas 78
23%
Verviers 55
23%
Woluwe Saint Lambert 57
19%
Seraing 64
17%
Alost 87
16%
Forest 56
15%
Roulers 63
10%
Jette 52
6%
Aucun quiz correspondant
Distribution des résultats
% des personnes avec chaque résultat
Percentile par nombre de réponses
Votre historique - résultats
Vous n’avez pas pris ce quiz